| 000 | 00870nas a2200265 4500 | ||
|---|---|---|---|
| 001 | BR9200942 | ||
| 003 | BR-BrBNA | ||
| 005 | 20231205092328.0 | ||
| 007 | ta | ||
| 008 | 230509b bl.|||p| |||| 00| 00por d | ||
| 040 |
_aBR-BrBNA _bpor _cBiblioteca Nacional de Agricultura |
||
| 041 | _a(Pt) | ||
| 072 | _aN20 | ||
| 100 | 1 | _aStolf, R. | |
| 100 | 1 | _aFernandes, J. | |
| 100 | 1 | _aFurlani Neto, V.L. | |
| 245 | 1 | _aUma analise da equivalencia entre tratores de pneu e de esteira e suas correlacoes com caracteristicas de grade atraves das recomendacoes dos fabricantes | |
| 650 | _aTRATOR DE RODA | ||
| 650 | _aTRATOR DE ESTEIRA | ||
| 650 | _aMOTOR | ||
| 650 | _aEQUIPAMENTO AGRICOLA | ||
| 773 | 0 |
_tBrasil Acucareiro (Brazil) _xISSN 0006-9167 _g(Jul-Dec 1985), v. 103(4-6) p. 28-34 _wBR9200942 |
|
| 909 |
_a202311 _bLúcia _c55 _dLúcia Elande |
||
| 942 |
_2AGRIS _n0 _cANA |
||
| 999 |
_c130967 _d130967 |
||